[Event "AUT-ch Seniors 50"]
[Site "Vienna"]
[Date "2023.05.21"]
[Round "7"]
[White "Lappe, Manfred"]
[Black "Lichtberger, Bernhard"]
[Result "1-0"]
[WhiteElo "1715"]
[BlackElo "1715"]
[PlyCount "69"]
[EventDate "2023.05.15"]
[EventType "swiss"]
[EventRounds "7"]
[EventCountry "AUT"]
[SourceTitle "CBM 214 Extra"]
[Source "ChessBase"]
[SourceDate "2023.07.31"]
[SourceVersion "1"]
[SourceVersionDate "2023.07.31"]
[SourceQuality "1"]

1. e4 e5 2. Bc4 Nf6 3. d3 Nc6 4. Nf3 h6 5. h3 Bc5 6. Be3 Bb6 7. 0-0 d6 8. Nc3 Be6 9. Bb3 Qd7 10. Bxe6 fxe6 11. Na4 Bxe3 12. fxe3 0-0-0 13. c4 g5 14. Nh2 Qg7 15. Ng4 Nxg4 16. Qxg4 Qg6 17. Qf3 Rdf8 18. Qxf8+ Rxf8 19. Rxf8+ Nd8 20. Raf1 d5 21. R1f6 Qh5 22. Nc5 Qd1+ 23. Rf1 Qd2 24. Nxe6 Qxe3+ 25. Kh2 Kd7 26. Nxd8 dxc4 27. R1f7+ Kd6 28. Nxb7+ Kc6 29. Na5+ Kb5 30. Nxc4 Qxd3 31. Nxe5 Qxe4 32. Rf5 Ka4 33. Nf3 Qb4 34. h4 g4 35. Rf4 1-0

[Event "AUT-ch Seniors 50"]
[Site "Vienna"]
[Date "2023.05.15"]
[Round "1"]
[White "Stranz, Richard"]
[Black "Lichtberger, Bernhard"]
[Result "1-0"]
[WhiteElo "2124"]
[BlackElo "1715"]
[PlyCount "63"]
[EventDate "2023.05.15"]
[EventType "swiss"]
[EventRounds "7"]
[EventCountry "AUT"]
[SourceTitle "CBM 214 Extra"]
[Source "ChessBase"]
[SourceDate "2023.07.31"]
[SourceVersion "1"]
[SourceVersionDate "2023.07.31"]
[SourceQuality "1"]

1. e4 g6 2. d4 Bg7 3. Nc3 c5 4. Nf3 cxd4 5. Nxd4 Nc6 6. Be3 a6 7. Bc4 d6 8. Bb3 Nf6 9. f3 0-0 10. Qd2 Na5 11. 0-0-0 Nxb3+ 12. cxb3 Re8 13. Kb1 Bd7 14. g4 b5 15. Bh6 Bh8 16. h4 Qa5 17. h5 b4 18. Nce2 Bb5 19. Ng3 Nd7 20. hxg6 hxg6 21. Qh2 Ne5 22. Be3 Bg7 23. Qh7+ Kf8 24. Bh6 e6 25. Bxg7+ Ke7 26. Qh4+ Kd7 27. Bxe5 Bd3+ 28. Rxd3 Qxe5 29. Nge2 Rh8 30. Qe1 Rh2 31. Rxh2 Qxh2 32. Qxb4 1-0